| 000 | 00603nam a22001457a 4500 | ||
|---|---|---|---|
| 020 | _a978-1-4169-1174-6 | ||
| 082 |
_a823 _bDIX/H |
||
| 100 | _aDIXON, FRANKLIN W | ||
| 245 | _aTHE HARDY BOYS - HURRICANE JOE | ||
| 260 |
_aNEW YORK _bALADDIN PAPERBACKS _c2006 |
||
| 300 | _a169 | ||
| 520 | _aThis book follows the boys getting assigned by ATAC to solve the mystery of a bunch of false hurricane warnings and robberies of stores that follow these false hurricane warnings. Frank and Joe Hardy and the mission is almost certain that these are linked. | ||
| 650 |
_aMYSTERY STORY _zUNITED STATES |
||
| 942 | _cBK | ||
| 999 |
_c7755 _d7755 |
||